La innovación tecnológica y la sociedad /

Guardado en:
Otros Autores: Morse, Dean., Warner, Aaron W., 1908-
Formato: Libro
Idioma:Spanish
English
Publicado: México : Unión Tipográfica Editorial Hispano Americana, c1967.
Edición:1a. ed. en español.
Series:Manuales UTEHA ; no. 357/doble. Ciencias Sociales ; 14.
Materias:
Etiquetas: Agregar Etiqueta
Sin Etiquetas, Sea el primero en etiquetar este registro!
LEADER 01163nam a22002775 4500
001 EAD.ead002199
008 080718s1967####mx############000#0#spa#d
005 20100914092958.0
245 1 3 |a La innovación tecnológica y la sociedad /  |c compilado por Dean Morse, Aaron W. Warner ; traducción al español de José Meza Nieto. 
250 |a 1a. ed. en español. 
260 |a México :  |b Unión Tipográfica Editorial Hispano Americana,  |c c1967. 
300 |a ix, 279 p. ;  |c 17 cm. 
490 1 |a Manuales UTEHA ; no. 357/doble. Ciencias Sociales ;  |v 14 
500 |a Traducción de: Technological innovation and society. 
500 |a "Por encargo del Seminario de Tecnología y Cambio Social de la Universidad de Columbia"--Portada. 
700 1 |a Morse, Dean. 
700 1 |a Warner, Aaron W.,  |d 1908- 
830 0 |a Manuales UTEHA ; no. 357/doble.  |p Ciencias Sociales ;  |v 14. 
082 0 4 |a 303.483  |2 21 
650 7 |a Tecnología.  |2 unbist 
650 7 |a Ciencia.  |2 unbist 
650 7 |a Industria.  |2 unbist 
650 7 |a Cambio tecnológico.  |2 unbist 
650 7 |a Cambio social.  |2 unbist 
041 1 |a spa  |h eng 
859 |a AR-BaBDC  |b BIB. ADMINISTRACION - Libros  |h 303.483  |i M835  |p b01831